Discriminant analysis and statistical pattern recognition

Αποθηκεύτηκε σε:
Λεπτομέρειες βιβλιογραφικής εγγραφής
Κύριος συγγραφέας: McLachlan, Geoffrey J. 1946-
Μορφή: Βιβλίο
Γλώσσα:English
Δημοσίευση: Hoboken, N.J. : Wiley-Interscience, c2004
Σειρά:Wiley series in probability and statistics
Θέματα:
Ετικέτες: Προσθήκη ετικέτας
Δεν υπάρχουν, Καταχωρήστε ετικέτα πρώτοι!

MARC

LEADER 00000nam a2200000 i 4500
001 1/76276
008 080228s2004 eng d
020 |a 0-471-69115-1 
035 |l 10095138 
040 |a GR-MY-UA  |b gre  |e aacr 
041 0 |a eng 
082 0 |a 519.535  |2 (22) 
100 1 |a McLachlan, Geoffrey J.  |d 1946- 
245 1 0 |a Discriminant analysis and statistical pattern recognition /  |c Geoffrey J. McLachlan 
260 |a Hoboken, N.J. :   |b Wiley-Interscience,   |c c2004 
300 |a xv, 526 σ.;  |b εικ.;  |c 23 εκ. 
490 1 |a Wiley series in probability and statistics 
504 |a  Περιέχει βιβλιογραφικές παραπομπές (σ. 447-506) και ευρετήριο 
650 0 0 |a Discriminant analysis. 
650 0 0 |a Pattern perception. 
830 0 |a Wiley series in probability and statistics 
852 |a INST  |b SAMOS  |e 20080228  |h 519.535 MCL  |p 005300026743  |q 005300026743  |t BK  |y 0 
901 |a BIBL3-2008-1 
909 |a Σ  |b 140531 
922 |a 3ΕΛΗ  |b 200711  |c ΕΠΕΑΕΚ2/ΤΣΑΕ  |d ΕΛΕΥΘΕΡΟΥΔΑΚΗΣ 
970 |a ΡΟΥΣΣΟΥ  |b ΚΩΝΣΤΑΝΤΙΝΑ  |z 2008/02/28